<?xml version="1.0" encoding="UTF-8"?>
<record
    xmlns:xsi="http://www.w3.org/2001/XMLSchema-instance"
    xsi:schemaLocation="http://www.loc.gov/MARC21/slim http://www.loc.gov/standards/marcxml/schema/MARC21slim.xsd"
    xmlns="http://www.loc.gov/MARC21/slim">

  <leader>00588nam a2200133Ia 4500</leader>
  <controlfield tag="001">3338</controlfield>
  <controlfield tag="008">241024s9999    xx            000 0 und d</controlfield>
  <datafield tag="082" ind1=" " ind2=" ">
    <subfield code="a">RD/348.086945/R426l/136-03/24-97 LIBRO NO ESTA</subfield>
  </datafield>
  <datafield tag="100" ind1=" " ind2=" ">
    <subfield code="a">Rep&#xFA;blica Dominicana. Despacho de la Primera Dama</subfield>
  </datafield>
  <datafield tag="245" ind1=" " ind2="0">
    <subfield code="a">Ley 136-03 C&#xF3;digo para el sistema de protecci&#xF3;n y los derechos fundamentales de ni&#xF1;os, ni&#xF1;as y adolecentes y Ley 24-97, que modifica el C&#xF3;digo Penal Dominicano, sanciona la violencia contra la mujer, dom&#xE9;stica e intrafamiliar</subfield>
  </datafield>
  <datafield tag="260" ind1=" " ind2=" ">
    <subfield code="b">2008</subfield>
    <subfield code="c">2008</subfield>
  </datafield>
  <datafield tag="901" ind1=" " ind2=" ">
    <subfield code="a">9/10/2013 5:21:17 p.m.</subfield>
  </datafield>
  <datafield tag="999" ind1=" " ind2=" ">
    <subfield code="c">9518</subfield>
    <subfield code="d">9518</subfield>
  </datafield>
</record>
